Normal view
MARC view
Entry Personal Name
001 - CONTROL NUMBER
- control field: 1889
003 - CONTROL NUMBER IDENTIFIER
- control field: BD-RjUL
005 - DATE AND TIME OF LATEST TRANSACTION
- control field: 20220316122224.0
008 - FIXED-LENGTH DATA ELEMENTS
- fixed length control field: 220316|| aca||aabn | a|a d
040 ## - CATALOGING SOURCE
- Original cataloging agency: BD-RjUL
- Transcribing agency: BD-RjUL
100 ## - HEADING--PERSONAL NAME
- Personal name: Ḥusayn, Ṭāhā,
- Dates associated with a name: 1889-1973
670 ## - SOURCE DATA FOUND
- Source citation: Work cat.: (BD-RjUL)79567: حسين، طه، ;;Hussein, Taha, 1889-1973 -- ١٨٨٩---١٩٧٣ 249597, حديث الاربعاء ;; hadith al arbiea' /, 1976